Исследование влияния порфиринов на нефтяную дисперсную систему; Проблемы геологии и освоения недр; Т. 2

Bibliographic Details
Parent link:Проблемы геологии и освоения недр=Problems of Geology and Subsurface Development: труды XXIV Международного симпозиума имени академика М. А. Усова студентов и молодых учёных, посвященного 75-летию Победы в Великой Отечественной войне, Томск, 6-10 апреля 2020 г./ Национальный исследовательский Томский политехнический университет, Инженерная школа природных ресурсов ; гл. ред. А. С. Боев ; под ред. Е. Ю. Пасечник.— , 2020
Т. 2.— 2020.— [С. 324-325]
Main Author: Шатова Е. Н.
Corporate Author: Национальный исследовательский Томский политехнический университет Инженерная школа природных ресурсов Отделение химической инженерии
Other Authors: Кривцова К. Б. Ксения Борисовна (научный руководитель), Кривцова Н. И. Надежда Игоревна
Summary:Заглавие с экрана
Language:Russian
Published: 2020
Series:Современные технологии подготовки и переработки природных ресурсов
Химическая технология подготовки и переработки горючих ископаемых
Subjects:
Online Access:http://earchive.tpu.ru/handle/11683/62747
Format: Electronic Book Chapter
KOHA link:https://koha.lib.tpu.ru/cgi-bin/koha/opac-detail.pl?biblionumber=631618

MARC

LEADER 00000naa2a2200000 4500
001 631618
005 20231101133654.0
035 |a (RuTPU)RU\TPU\conf\33319 
035 |a RU\TPU\conf\33313 
090 |a 631618 
100 |a 20200911d2020 k y0rusy50 ca 
101 0 |a rus 
102 |a RU 
105 |a y z 100zy 
135 |a drgn ---uucaa 
181 0 |a i  
182 0 |a b 
200 1 |a Исследование влияния порфиринов на нефтяную дисперсную систему  |f Е. Н. Шатова, К. Б. Кривцова  |g науч. рук. Н. И. Кривцова 
203 |a Текст  |c электронный 
225 1 |a Современные технологии подготовки и переработки природных ресурсов 
225 1 |a Химическая технология подготовки и переработки горючих ископаемых 
230 |a 1 компьютерный файл (pdf; 821 Kb) 
300 |a Заглавие с экрана 
320 |a [Библиогр.: с. 325 (4 назв.)] 
461 1 |0 (RuTPU)RU\TPU\conf\32983  |t Проблемы геологии и освоения недр  |l Problems of Geology and Subsurface Development  |o труды XXIV Международного симпозиума имени академика М. А. Усова студентов и молодых учёных, посвященного 75-летию Победы в Великой Отечественной войне, Томск, 6-10 апреля 2020 г.  |o в 2 т.  |f Национальный исследовательский Томский политехнический университет, Инженерная школа природных ресурсов ; гл. ред. А. С. Боев ; под ред. Е. Ю. Пасечник  |d 2020 
463 1 |0 (RuTPU)RU\TPU\conf\32985  |t Т. 2  |v [С. 324-325]  |d 2020 
610 1 |a труды учёных ТПУ 
610 1 |a электронный ресурс 
610 1 |a порфирины 
610 1 |a нефтяные системы 
610 1 |a дисперсные системы 
610 1 |a порфироновые соединения 
610 1 |a деметаллизация 
700 1 |a Шатова  |b Е. Н. 
701 1 |a Кривцова  |b К. Б.  |c химик  |c инженер Томского политехнического университета  |f 1988-  |g Ксения Борисовна  |2 stltpush  |3 (RuTPU)RU\TPU\pers\39078 
702 1 |a Кривцова  |b Н. И.  |c химик-технолог  |c доцент Томского политехнического университета, кандидат технических наук  |f 1983-  |g Надежда Игоревна  |2 stltpush  |4 727 
712 0 2 |a Национальный исследовательский Томский политехнический университет  |b Инженерная школа природных ресурсов  |b Отделение химической инженерии  |h 8085  |2 stltpush  |3 (RuTPU)RU\TPU\col\23513 
801 2 |a RU  |b 63413507  |c 20200925  |g RCR 
856 4 |u http://earchive.tpu.ru/handle/11683/62747 
942 |c BK